Normal view
MARC view
Entry Personal Name
001 - CONTROL NUMBER
- control field: 22080
003 - CONTROL NUMBER IDENTIFIER
- control field: ARRUPE
005 - DATE AND TIME OF LATEST TRANSACTION
- control field: 20160209104056.0
008 - FIXED-LENGTH DATA ELEMENTS
- fixed length control field: 160209|| aca||aabn | a|a d
040 ## - CATALOGING SOURCE
- Original cataloging agency: ARRUPE
- Transcribing agency: ARRUPE
100 ## - HEADING--PERSONAL NAME
- Personal name: Gouldsbury, Cullen,
- Dates associated with a name: -1916.
670 ## - SOURCE DATA FOUND
- Source citation: Work cat.: (ARRUPE)0: Gouldsbury, Cullen, -1916., Songs out of exile :, 1912.